00489nam a22001577a 450000500170000001000150001702000260003203500130005803700130007108200130008410000150009724500840011226000460019627000630024230000260030520150707150847.0 aENG-113260 c475.00a9789350355237 aEN-96792 bDBAD/PUB a347.5406 aBhat, U.L. aLectures on the Indian Evidence Act /cby U.L. Bhat ; foreworded by K.T. Thomas aNew DelhibUniversal Law Publishingc2015 aA-58, G.T. Karnal Road Industrial Area,bNew Delhie110033 alxxv,360p.c24cm(pbk)